Riconosci l'Anno dagli eventi - Quiz n°60 - Statistics

Statistiche generali
  • Questo quiz è stato fatto 13 volte
  • Il punteggio medio è 6 su 8
Statistiche sulle risposte
Indizio Risposta % Corretto
A Berlino si unisce alla Lega anseatica
100%
C Bogdan I diventa Principe della Moldavia dopo averla liberata dagli ungheresi e averla difesa dai mongoli
92%
B Margherita di Tirolo-Gorizia e suo marito, Ludovico V di Baviera, vengono assolti dalla scomunica
92%
D Qulpa diventa Khan dell'Orda d'Oro
92%
F 4 luglio: Francesco II Ordelaffi si arrende ad Egidio Albornoz, che prende possesso di Forlì
85%
G Agosto: Isma'il II, in una cospirazione contro il fratello, prende il controllo dell'Alhambra
85%
E Battaglia di Megara: una coalizione crociata distrugge una flotta di ottomani
85%
Anno 1359
15%
Nessun quiz corrispondente trovato
Distribuzione punteggi
Percentuale di utenti per punteggio
Percentile per numero di risposta
I tuoi punteggi nel tempo
Non hai fatto questo quiz